|
|
|
|
| LEADER |
00827nab#a2200301#ar4500 |
| 001 |
000053772 |
| 003 |
SVKKK |
| 005 |
20050812115611.0 |
| 008 |
050812c2005 xo e slo |
| FMT |
|
|
|
| 038 |
|
|
|a SVKKK
|
| 040 |
|
|
|a SVKKK
|b slo
|e AACR2
|
| 041 |
0 |
|
|a slo
|
| 044 |
|
|
|a xo
|c SK
|
| 080 |
|
|
|a 628.477.6(437.6)
|2 1997
|
| 080 |
|
|
|a 676.038.2(437.6)
|2 1997
|
| 100 |
1 |
|
|a Hrin, Marek
|4 aut
|
| 245 |
1 |
0 |
|a Ako by povedali Angličania, všetko je TOP SECRET- :
|b separácia papiera, ktorú nesmiete vidieť
|c Marek Hrin
|
| 300 |
|
|
|a Fotogr.
|
| 610 |
2 |
4 |
|a DEMKO (Lisková, Slovensko)
|
| 650 |
0 |
4 |
|a papier zberový
|x separácia
|x recyklácia
|z Slovensko
|
| 773 |
0 |
|
|t XXI. storočie
|x 1335-874X
|g Roč. 8, č. 1 (2005), s. 60-61
|
| 958 |
|
|
|a SK
|
| 992 |
|
|
|a RBX
|
| BAS |
|
|
|
| 852 |
|
|
|a SVKKK
|b BIB
|
| EXP |
|
|
|
| 998 |
|
|
|a GEO
|